[Event "Hessen-ch"]
[Site "Frankfurt/Main"]
[Date "2019.06.01"]
[Round "7"]
[White "Lesny, Florian"]
[Black "Arndt, Stefan"]
[Result "1/2-1/2"]
[WhiteElo "2126"]
[BlackElo "2225"]
[PlyCount "43"]
[EventDate "2019.05.29"]
[EventType "swiss"]
[EventRounds "9"]
[EventCountry "GER"]

1. e4 e5 2. Nf3 Nc6 3. Bc4 Nf6 4. d3 h6 5. c3 g5 6. h3 d6 7. Nbd2 Bg7 8. Nf1
Ne7 9. Ng3 c6 10. Bb3 Be6 11. d4 exd4 12. Nxd4 Qd7 13. Nxe6 fxe6 14. Nh5 O-O
15. Nxg7 Kxg7 16. Qe2 d5 17. exd5 exd5 18. O-O Rae8 19. Bd2 Nf5 20. Qd3 Ne4 21.
Rae1 Nc5 22. Qc2 1/2-1/2

[Event "Hessen-ch"]
[Site "Frankfurt/Main"]
[Date "2019.06.01"]
[Round "7"]
[White "Neukirchner, Pascal"]
[Black "Jakel, Wolfgang"]
[Result "1-0"]
[WhiteElo "2288"]
[BlackElo "2246"]
[PlyCount "69"]
[EventDate "2019.05.29"]
[EventType "swiss"]
[EventRounds "9"]
[EventCountry "GER"]

1. Nf3 f5 2. d4 Nf6 3. c4 g6 4. Nc3 Bg7 5. g3 O-O 6. Bg2 d6 7. O-O Nc6 8. d5
Na5 9. Nd2 c5 10. Qc2 a6 11. Rb1 Rb8 12. a3 Qc7 13. Na2 b6 14. b4 cxb4 15. axb4
Nb7 16. Bb2 e5 17. dxe6 Bxe6 18. Rfc1 b5 19. Qd3 Qf7 20. cxb5 Bxa2 21. Ra1 Be6
22. bxa6 Nc5 23. bxc5 Rxb2 24. a7 Ne4 25. Nc4 Bxc4 26. Qxc4 d5 27. Qd3 Ra8 28.
c6 Qc7 29. Qxd5+ Kh8 30. Bxe4 fxe4 31. Qxe4 Rd2 32. Rab1 Bd4 33. Rb7 Qd6 34. c7
Rc8 35. Rb8 1-0

[Event "Hessen-ch"]
[Site "Frankfurt/Main"]
[Date "2019.06.01"]
[Round "7"]
[White "Rubsamen, Cornelius"]
[Black "Henrich, Thomas"]
[Result "1-0"]
[WhiteElo "2208"]
[BlackElo "2142"]
[PlyCount "83"]
[EventDate "2019.05.29"]
[EventType "swiss"]
[EventRounds "9"]
[EventCountry "GER"]

1. e4 c6 2. d4 d5 3. e5 Bf5 4. Nf3 e6 5. Be2 Nd7 6. O-O Ne7 7. Nbd2 h6 8. Nb3
g5 9. Be3 Bg6 10. a4 Nf5 11. Bd2 f6 12. Bd3 fxe5 13. dxe5 c5 14. c4 Nb6 15. Ba5
dxc4 16. Bxb6 Qxb6 17. Bxc4 Be7 18. a5 Qc6 19. a6 b5 20. Bd3 Rd8 21. Qe2 c4 22.
Be4 Qb6 23. Nbd4 Rxd4 24. Nxd4 Qxd4 25. Bc6+ Kf7 26. Bxb5 Rb8 27. Rfd1 Qc5 28.
Bxc4 Nd4 29. Qg4 Qxc4 30. Rxd4 Qc6 31. h4 Bc5 32. Rc1 Rxb2 33. hxg5 h5 34. Qf4+
Bf5 35. Rdc4 Rb5 36. g6+ Kg7 37. Qh4 Kh6 38. g7 Kxg7 39. Rxc5 Rxc5 40. Qe7+ Kh6
41. Rxc5 Qxa6 42. Qf6+ 1-0

[Event "Hessen-ch"]
[Site "Frankfurt/Main"]
[Date "2019.06.01"]
[Round "7"]
[White "Zude, Arno"]
[Black "Keller, Peter"]
[Result "0-1"]
[WhiteElo "2384"]
[BlackElo "2237"]
[PlyCount "84"]
[EventDate "2019.05.29"]
[EventType "swiss"]
[EventRounds "9"]
[EventCountry "GER"]

1. e4 e5 2. Nf3 Nc6 3. Bc4 Bc5 4. c3 Nf6 5. d3 O-O 6. O-O d5 7. exd5 Nxd5 8.
Nbd2 Nb6 9. Bb5 Bd6 10. Re1 Bg4 11. h3 Bh5 12. Ne4 f5 13. Ng3 Bxf3 14. Qxf3 Qd7
15. Bxc6 bxc6 16. Nf1 Rf6 17. Be3 Nd5 18. Rad1 a6 19. Bc1 Qf7 20. Nd2 Re8 21.
Nc4 e4 22. Nxd6 cxd6 23. dxe4 fxe4 24. Qg3 Rg6 25. Qh2 Rf8 26. Rf1 Qe6 27. Rde1
a5 28. Bd2 Qf5 29. b3 Nb6 30. c4 Nd7 31. Bc3 Nc5 32. Re3 Nd3 33. g3 d5 34. cxd5
cxd5 35. Bd4 Nf4 36. h4 Ne6 37. Bb2 d4 38. Ree1 Qd5 39. Qg2 Rf3 40. Ba3 e3 41.
Bd6 Rgf6 42. Bb8 Qb5 0-1

[Event "Hessen-ch"]
[Site "Frankfurt/Main"]
[Date "2019.06.01"]
[Round "7"]
[White "Zude, Erik"]
[Black "Meyner, Hannes"]
[Result "1/2-1/2"]
[WhiteElo "2402"]
[BlackElo "2228"]
[PlyCount "97"]
[EventDate "2019.05.29"]
[EventType "swiss"]
[EventRounds "9"]
[EventCountry "GER"]

1. Nf3 d5 2. g3 g6 3. d4 Bg7 4. c4 c6 5. Qa4 Nf6 6. cxd5 Nxd5 7. Bg2 O-O 8. O-O
Nd7 9. Rd1 e5 10. Nc3 Nxc3 11. bxc3 Re8 12. e4 exd4 13. Nxd4 Nc5 14. Qc2 Qa5
15. Be3 Bg4 16. f3 Be6 17. Rd2 Bxd4 18. Bxd4 Nb3 19. axb3 Qxa1+ 20. Rd1 Qa3 21.
b4 Bb3 22. Qc1 Qxc1 23. Rxc1 b6 24. f4 Rec8 25. e5 Bd5 26. Bxd5 cxd5 27. b5 a6
28. bxa6 Rxa6 29. Rb1 Rb8 30. Rb2 b5 31. Kf2 Ra4 32. Ke3 Kf8 33. Bc5+ Ke8 34.
Bb4 Kd7 35. Kd4 Kc6 36. f5 Ra1 37. e6 fxe6 38. fxe6 Re1 39. e7 Re4+ 40. Kd3 Re8
41. Ra2 Rc4 42. Ra6+ Kc7 43. Ra7+ Kc6 44. Ra6+ Kc7 45. Ra7+ Kc8 46. Ra5 Kd7 47.
Rxb5 Kc6 48. Ra5 Rxb4 49. cxb4 1/2-1/2

[Event "Hessen-ch"]
[Site "Frankfurt/Main"]
[Date "2019.06.01"]
[Round "8"]
[White "Alber, Horst"]
[Black "Lesny, Florian"]
[Result "1/2-1/2"]
[WhiteElo "2271"]
[BlackElo "2126"]
[PlyCount "70"]
[EventDate "2019.05.29"]
[EventType "swiss"]
[EventRounds "9"]
[EventCountry "GER"]

1. d4 d5 2. Nf3 e6 3. g3 Nf6 4. Bg2 Nbd7 5. O-O Bd6 6. c4 c6 7. Qc2 O-O 8. Bf4
Qc7 9. Bxd6 Qxd6 10. Nbd2 b6 11. e4 Nxe4 12. Nxe4 dxe4 13. Qxe4 Bb7 14. Rfe1
Rab8 15. Rad1 c5 16. Qe3 Rfd8 17. dxc5 Qxc5 18. Qxc5 Nxc5 19. Ne5 a5 20. Bxb7
Rxd1 21. Rxd1 Nxb7 22. Kf1 f6 23. Nc6 Re8 24. Rd7 Nc5 25. Rc7 Kf8 26. b3 Ra8
27. Ke2 a4 28. b4 Ne4 29. b5 a3 30. Kd3 Nxf2+ 31. Kd4 e5+ 32. Kd5 Nd3 33. Rb7
e4 34. Rxb6 e3 35. Nd4 Rd8+ 1/2-1/2

[Event "Hessen-ch"]
[Site "Frankfurt/Main"]
[Date "2019.06.01"]
[Round "8"]
[White "Arndt, Stefan"]
[Black "Meyner, Hannes"]
[Result "1/2-1/2"]
[WhiteElo "2225"]
[BlackElo "2228"]
[PlyCount "37"]
[EventDate "2019.05.29"]
[EventType "swiss"]
[EventRounds "9"]
[EventCountry "GER"]

1. e4 c6 2. Nc3 d5 3. Nf3 Nf6 4. e5 Ne4 5. Be2 Bg4 6. Nxe4 dxe4 7. Ng5 Bf5 8.
e6 fxe6 9. Bc4 Qd4 10. Qe2 Nd7 11. O-O Nc5 12. c3 Qf6 13. d4 exd3 14. Qe3 h6
15. Nf3 Nd7 16. Bxd3 g5 17. Re1 Bg7 18. Bc4 O-O 19. Bxe6+ 1/2-1/2

[Event "Hessen-ch"]
[Site "Frankfurt/Main"]
[Date "2019.06.01"]
[Round "8"]
[White "Bethke, Richard"]
[Black "Zude, Erik"]
[Result "1/2-1/2"]
[WhiteElo "2246"]
[BlackElo "2402"]
[PlyCount "35"]
[EventDate "2019.05.29"]
[EventType "swiss"]
[EventRounds "9"]
[EventCountry "GER"]

1. e4 c5 2. Nf3 d6 3. d4 Nf6 4. Nc3 cxd4 5. Nxd4 a6 6. Be3 e5 7. Nf3 Be7 8. Bc4
O-O 9. O-O Be6 10. Bb3 Nc6 11. Qe2 Na5 12. Rfd1 Nxb3 13. axb3 Nd7 14. Rd2 h6
15. Nd5 Re8 16. Nxe7+ Qxe7 17. Rad1 Nf6 18. Bb6 1/2-1/2

[Event "Hessen-ch"]
[Site "Frankfurt/Main"]
[Date "2019.06.01"]
[Round "8"]
[White "Jakel, Wolfgang"]
[Black "Weber, Samuel"]
[Result "1-0"]
[WhiteElo "2246"]
[BlackElo "2160"]
[PlyCount "103"]
[EventDate "2019.05.29"]
[EventType "swiss"]
[EventRounds "9"]
[EventCountry "GER"]

1. c4 Nf6 2. Nc3 g6 3. g3 Bg7 4. Bg2 O-O 5. e3 c5 6. Nge2 d6 7. O-O Nc6 8. a3
e5 9. Rb1 Be6 10. Nd5 Bxd5 11. cxd5 Ne7 12. Nc3 a6 13. b4 cxb4 14. Rxb4 Qc7 15.
Qb3 Rab8 16. a4 Nd7 17. Ba3 b6 18. Rc1 Nc5 19. Qb1 Qd8 20. d4 exd4 21. exd4 Nd7
22. Qd3 b5 23. axb5 axb5 24. Nxb5 Nb6 25. Rbb1 Nbc8 26. Qc4 Nb6 27. Qb3 Nf5 28.
Rc6 Nc8 29. Qd3 Nxd4 30. Nxd4 Rxb1+ 31. Qxb1 Bxd4 32. Qc1 Kg7 33. Bh3 Qf6 34.
Qc2 Na7 35. Rxd6 Qe5 36. Rd7 Re8 37. Be6 Nb5 38. Rxf7+ Kh8 39. Bb4 Bc3 40. Bxc3
Nxc3 41. Qd2 g5 42. Rf5 Ne4 43. Qe3 Qa1+ 44. Kg2 Qa4 45. Re5 Nd6 46. Qxg5 Rf8
47. Qh6 Qa8 48. Rh5 Rxf2+ 49. Kxf2 Qa2+ 50. Kf3 Qb3+ 51. Kg2 Qc2+ 52. Kh3 1-0

[Event "Hessen-ch"]
[Site "Frankfurt/Main"]
[Date "2019.06.01"]
[Round "8"]
[White "Keller, Peter"]
[Black "Dubiel, Jacek"]
[Result "1/2-1/2"]
[WhiteElo "2237"]
[BlackElo "2428"]
[PlyCount "22"]
[EventDate "2019.05.29"]
[EventType "swiss"]
[EventRounds "9"]
[EventCountry "GER"]

1. e4 c5 2. Nf3 e6 3. d4 cxd4 4. Nxd4 Nf6 5. Nc3 Nc6 6. Nxc6 bxc6 7. e5 Nd5 8.
Ne4 Qc7 9. f4 Qb6 10. c4 Bb4+ 11. Ke2 f5 1/2-1/2

[Event "Hessen-ch"]
[Site "Frankfurt/Main"]
[Date "2019.06.01"]
[Round "8"]
[White "Uwira, Oliver"]
[Black "Henrich, Thomas"]
[Result "1-0"]
[WhiteElo "2184"]
[BlackElo "2142"]
[PlyCount "97"]
[EventDate "2019.05.29"]
[EventType "swiss"]
[EventRounds "9"]
[EventCountry "GER"]

1. d4 Nf6 2. c4 g6 3. Nc3 d6 4. e4 Bg7 5. f3 O-O 6. Bg5 Nbd7 7. Nh3 c5 8. d5 a6
9. Nf2 b5 10. cxb5 axb5 11. Bxb5 Ba6 12. a4 Bxb5 13. Nxb5 Nb6 14. O-O Qd7 15.
b3 c4 16. bxc4 Nxc4 17. Qb3 Na5 18. Qb4 Rfb8 19. Rab1 Ne8 20. Rfc1 e6 21. Be3
exd5 22. exd5 Qf5 23. Qe4 Qxe4 24. Nxe4 Nb7 25. Nc7 Nxc7 26. Rxc7 f5 27. Ng5
Na5 28. Rxb8+ Rxb8 29. Ne6 Bf6 30. h3 Rb1+ 31. Kh2 Rd1 32. Ra7 Rxd5 33. Nc7 Rd3
34. Rxa5 Rxe3 35. Nd5 Re6 36. Rb5 Bd4 37. a5 Re1 38. f4 Bf2 39. g4 fxg4 40.
hxg4 h6 41. Kg2 Bc5 42. Rb7 Ra1 43. f5 gxf5 44. gxf5 Rxa5 45. Ne7+ Kf8 46. Ng6+
Ke8 47. f6 Ra2+ 48. Kg3 Rf2 49. Nf4 1-0

[Event "Hessen-ch"]
[Site "Frankfurt/Main"]
[Date "2019.06.01"]
[Round "8"]
[White "Zude, Arno"]
[Black "Carow, Johannes"]
[Result "1/2-1/2"]
[WhiteElo "2384"]
[BlackElo "2445"]
[PlyCount "52"]
[EventDate "2019.05.29"]
[EventType "swiss"]
[EventRounds "9"]
[EventCountry "GER"]

1. e4 c5 2. Nf3 Nc6 3. d4 cxd4 4. Nxd4 Qb6 5. Nb3 Nf6 6. Nc3 e6 7. Qe2 Bb4 8.
Bd2 O-O 9. a3 Be7 10. O-O-O d5 11. exd5 Nxd5 12. Nxd5 exd5 13. Be3 Qc7 14. h3
Rd8 15. g4 Ne5 16. Kb1 Nc4 17. Bc1 a5 18. Nd4 Bf6 19. a4 Bd7 20. g5 Bxd4 21.
Rxd4 Bf5 22. Qd1 Qb6 23. Bxc4 dxc4 24. Be3 Rxd4 25. Qxd4 Qb3 26. Rc1 c3 1/2-1/2

[Event "Hessen-ch"]
[Site "Frankfurt/Main"]
[Date "2019.06.02"]
[Round "9"]
[White "Dorst, Johannes"]
[Black "Zude, Arno"]
[Result "0-1"]
[WhiteElo "2262"]
[BlackElo "2384"]
[PlyCount "82"]
[EventDate "2019.05.29"]
[EventType "swiss"]
[EventRounds "9"]
[EventCountry "GER"]

1. c4 e5 2. g3 Nf6 3. Bg2 c6 4. Nf3 e4 5. Nd4 Qb6 6. Nb3 a5 7. d3 a4 8. Be3 c5
9. dxe4 axb3 10. a3 Nc6 11. Nd2 Na5 12. f4 d6 13. Rc1 g6 14. h3 Bg7 15. O-O O-O
16. g4 Re8 17. Bf2 h6 18. Bg3 Nh7 19. Rb1 Bd7 20. Rf3 Bc6 21. Rd3 Rad8 22. Kh2
Qa6 23. Qc1 b5 24. f5 Nxc4 25. fxg6 fxg6 26. Rxb3 Nf6 27. e5 Nxe5 28. e4 c4 29.
Rc3 d5 30. a4 d4 31. axb5 Bxb5 32. Ra3 Qc6 33. Ra5 Nfd7 34. Bf1 d3 35. Rba1 Ra8
36. Rxa8 Rxa8 37. Rxa8+ Qxa8 38. b3 c3 39. Nc4 Qa2+ 40. Kh1 Bxc4 41. bxc4 Qd2
0-1

[Event "Hessen-ch"]
[Site "Frankfurt/Main"]
[Date "2019.06.02"]
[Round "9"]
[White "Dubiel, Jacek"]
[Black "Jakel, Wolfgang"]
[Result "1/2-1/2"]
[WhiteElo "2428"]
[BlackElo "2246"]
[PlyCount "61"]
[EventDate "2019.05.29"]
[EventType "swiss"]
[EventRounds "9"]
[EventCountry "GER"]

1. e4 c5 2. Nf3 d6 3. d4 cxd4 4. Nxd4 Nf6 5. Nc3 a6 6. Be3 e5 7. Nb3 Be7 8. h3
Be6 9. f4 Qc7 10. f5 Bc4 11. Bxc4 Qxc4 12. Qf3 b5 13. O-O-O b4 14. Nd2 Qc7 15.
Nd5 Nxd5 16. exd5 Nd7 17. Kb1 Rb8 18. g4 h6 19. h4 Rc8 20. Rc1 Nb6 21. Bxb6
Qxb6 22. Ne4 f6 23. g5 hxg5 24. hxg5 Kd7 25. gxf6 gxf6 26. Rhg1 Rcf8 27. Rg7
Qd4 28. Qe2 Qb6 29. b3 Rh4 30. Qc4 Kd8 31. Rcg1 1/2-1/2

[Event "Hessen-ch"]
[Site "Frankfurt/Main"]
[Date "2019.06.02"]
[Round "9"]
[White "Henrich, Thomas"]
[Black "Lesny, Florian"]
[Result "0-1"]
[WhiteElo "2142"]
[BlackElo "2126"]
[PlyCount "46"]
[EventDate "2019.05.29"]
[EventType "swiss"]
[EventRounds "9"]
[EventCountry "GER"]

1. e4 c5 2. Nf3 d6 3. d4 cxd4 4. Nxd4 Nf6 5. Nc3 a6 6. Be3 e5 7. Nb3 Be6 8. f3
Be7 9. g4 Nfd7 10. Qd2 Nb6 11. O-O-O Qc7 12. Rg1 N8d7 13. Kb1 Rc8 14. Rg2 Nc4
15. Bxc4 Bxc4 16. Nd5 Bxd5 17. Qxd5 b5 18. g5 Nc5 19. f4 Nxb3 20. axb3 exf4 21.
Bxf4 O-O 22. Bxd6 Bxd6 23. Qxd6 Rfd8 0-1

[Event "Hessen-ch"]
[Site "Frankfurt/Main"]
[Date "2019.06.02"]
[Round "9"]
[White "Meyner, Hannes"]
[Black "Alber, Horst"]
[Result "0-1"]
[WhiteElo "2228"]
[BlackElo "2271"]
[PlyCount "144"]
[EventDate "2019.05.29"]
[EventType "swiss"]
[EventRounds "9"]
[EventCountry "GER"]

1. d4 g6 2. e4 Bg7 3. Nc3 d6 4. Be3 a6 5. h4 h6 6. h5 g5 7. Nge2 b5 8. a3 Nf6
9. Ng3 Ng4 10. Be2 Nxe3 11. fxe3 e6 12. O-O O-O 13. Bf3 c6 14. Qd2 Nd7 15. Nd1
Rb8 16. Nf2 c5 17. c3 Kh8 18. Rad1 cxd4 19. exd4 f5 20. exf5 exf5 21. Nd3 Nf6
22. Rde1 Kg8 23. Bd1 f4 24. Ne4 Nxe4 25. Rxe4 Bf5 26. Ree1 Qf6 27. Bb3+ Kh8 28.
Bd5 Bg4 29. Bf3 Bf5 30. Bd5 Bg4 31. Bf3 Bf5 32. Nf2 Qf7 33. Re2 Qd7 34. Rfe1
Rbe8 35. Bd5 Bf6 36. Qd1 Kg7 37. Qd2 a5 38. Bf3 b4 39. cxb4 axb4 40. Qxb4 Rb8
41. Qd2 Qa7 42. Be4 Bxe4 43. Rxe4 Kh8 44. Kh1 Qb7 45. b4 f3 46. gxf3 Bg7 47.
Qe2 Ra8 48. Ra1 d5 49. Re7 Qb6 50. Kg2 Qxd4 51. Rd1 Qb2 52. Qxb2 Bxb2 53. Rxd5
Rxa3 54. Nd3 Bf6 55. Rb7 g4 56. f4 Bh4 57. Rd6 Ra2+ 58. Kf1 Bg5 59. Rdd7 Bf6
60. Rh7+ Kg8 61. Rxh6 Rd2 62. Rg6+ Kh8 63. Rh6+ Kg8 64. Rg6+ Kh8 65. Rd7 Ra8
66. Rxf6 Ra1+ 67. Ne1 Rxd7 68. Rh6+ Kg7 69. Rg6+ Kh7 70. Kf2 Ra2+ 71. Kg3 Re2
72. b5 Rxe1 0-1

[Event "Hessen-ch"]
[Site "Frankfurt/Main"]
[Date "2019.06.02"]
[Round "9"]
[White "Weber, Samuel"]
[Black "Arndt, Stefan"]
[Result "0-1"]
[WhiteElo "2160"]
[BlackElo "2225"]
[PlyCount "96"]
[EventDate "2019.05.29"]
[EventType "swiss"]
[EventRounds "9"]
[EventCountry "GER"]

1. Nf3 f5 2. d3 Nc6 3. e4 e5 4. Nc3 Nf6 5. exf5 d5 6. d4 exd4 7. Nxd4 Nxd4 8.
Qxd4 Bxf5 9. Bg5 Bxc2 10. Kd2 Bg6 11. h4 Be7 12. Bxf6 Bxf6 13. Re1+ Kf8 14.
Qb4+ Kg8 15. h5 Bf7 16. Bd3 b6 17. Qg4 c6 18. f4 Qd6 19. h6 g6 20. Re2 Kf8 21.
Rhe1 Re8 22. Rxe8+ Bxe8 23. Re6 Qd8 24. f5 g5 25. Qb4+ c5 26. Qg4 Bf7 27. Qf3
Bxc3+ 28. bxc3 Bxe6 29. fxe6+ Ke7 30. Qf7+ Kd6 31. g4 Qe7 32. Qh5 Kxe6 33. Qh2
Qd6 34. Bf5+ Ke7 35. Qe2+ Kf6 36. Kc2 Qe5 37. Qa6 Re8 38. Qxa7 Qe2+ 39. Kc1
Qf1+ 40. Kb2 Qb5+ 41. Kc2 Re2+ 42. Kd1 Re7 43. Qa8 Qf1+ 44. Kc2 Re2+ 45. Kb3
Qd1+ 46. Ka3 Qc1+ 47. Kb3 Rb2+ 48. Ka3 Rb4# 0-1

[Event "Hessen-ch"]
[Site "Frankfurt/Main"]
[Date "2019.06.02"]
[Round "9"]
[White "Zude, Erik"]
[Black "Uwira, Oliver"]
[Result "1-0"]
[WhiteElo "2402"]
[BlackElo "2184"]
[PlyCount "101"]
[EventDate "2019.05.29"]
[EventType "swiss"]
[EventRounds "9"]
[EventCountry "GER"]

1. e4 c5 2. Nf3 Nc6 3. Bb5 Nf6 4. e5 Nd5 5. O-O g6 6. Re1 Bg7 7. Nc3 Nc7 8.
Bxc6 dxc6 9. h3 Bf5 10. d3 c4 11. dxc4 Qxd1 12. Nxd1 Bxc2 13. Ne3 Bd3 14. Bd2
Ne6 15. Bc3 O-O-O 16. Rad1 Rd7 17. Rd2 Rhd8 18. b3 Bh6 19. Rdd1 b6 20. Ng4 Bf4
21. g3 h5 22. gxf4 hxg4 23. hxg4 Nxf4 24. e6 fxe6 25. Be5 Ne2+ 26. Kg2 Rf8 27.
Ng5 Nf4+ 28. Kg3 Ne2+ 29. Kg2 Nf4+ 30. Bxf4 Rxf4 31. Kg3 e5 32. Rxe5 Rxg4+ 33.
Kxg4 Bf5+ 34. Kf4 Rxd1 35. Rxe7 Rd2 36. Rxa7 Rxf2+ 37. Ke5 Rd2 38. b4 c5 39.
bxc5 bxc5 40. Nf7 Kb8 41. Ra5 Kb7 42. a4 Kb6 43. Rb5+ Kc6 44. a5 Re2+ 45. Kf6
Ra2 46. Ne5+ Kd6 47. Rb6+ Kc7 48. Rc6+ Kb7 49. Rxc5 Ka6 50. Nc6 Ra4 51. Rb5 1-0

[Event "Hessen-ch A"]
[Site "Frankfurt/Main"]
[Date "2019.05.30"]
[Round "1"]
[White "Ahrends, Norbert"]
[Black "Rolf, Marco"]
[Result "0-1"]
[WhiteElo "1927"]
[BlackElo "2098"]
[PlyCount "34"]
[EventDate "2019.05.30"]
[EventType "swiss"]
[EventRounds "7"]
[EventCountry "GER"]

{[%evp 0,34,19,16,39,-11,20,22,44,21,58,13,27,-7,-1,-1,-10,-10,-3,16,18,22,48,
-31,0,-20,26,-20,86,-57,-63,-69,-26,-26,-190,-172,-232]} 1. d4 d5 2. c4 c6 3.
Nc3 Nf6 4. Nf3 dxc4 5. a4 Bf5 6. e3 e6 7. Bxc4 Bb4 8. O-O Nbd7 9. Qb3 a5 10.
Na2 Bd6 11. Bd2 O-O 12. h3 Qe7 13. Nc3 e5 14. d5 Nc5 15. Qd1 cxd5 16. Nxd5 Nxd5
17. Bxd5 e4 0-1

[Event "Hessen-ch A"]
[Site "Frankfurt/Main"]
[Date "2019.05.30"]
[Round "1"]
[White "Alkayas, Shadi"]
[Black "Foerster Yialamas, Lucas"]
[Result "0-1"]
[WhiteElo "1760"]
[BlackElo "1981"]
[PlyCount "138"]
[EventDate "2019.05.30"]
[EventType "swiss"]
[EventRounds "7"]
[EventCountry "GER"]

{[%evp 0,76,27,36,78,47,78,80,108,85,86,58,68,70,30,38,64,11,22,22,21,12,10,
-11,12,-1,-1,13,13,21,32,23,92,7,52,38,79,77,10,39,5,5,3,-44,12,-42,-68,-68,32,
-97,30,30,108,-127,-155,-155,-155,-143,-147,-185,-181,-169,-154,-164,-122,-130,
-85,-160,-139,-166,-167,-166,-166,-165,-135,-170,-148,-159,-131]} 1. e4 c5 2.
Nf3 d6 3. Nc3 Nf6 4. d4 cxd4 5. Nxd4 a6 6. a3 e5 7. Nf3 Be7 8. h3 h6 9. Be3 Be6
10. Qd2 Nbd7 11. Bd3 b5 12. Qe2 d5 13. exd5 Nxd5 14. Bd2 Bf6 15. Ne4 O-O 16.
O-O Be7 17. Ng3 Qc7 18. Rfe1 Rae8 19. Rac1 Nf4 20. Bxf4 exf4 21. Ne4 f5 22. Nc3
Bf6 23. Qd2 g5 24. Rcd1 g4 25. Rxe6 Bxc3 26. Rxe8 Bxd2 27. Rxf8+ Kxf8 28. Nxd2
Qe5 29. Nb3 gxh3 30. gxh3 f3 31. Bf1 Qg7+ 32. Kh1 Ne5 33. Nd4 Qf6 34. b3 Qh4
35. Rd2 Qe4 36. Rd1 h5 37. Kg1 f4 38. c3 Ke7 39. Rd2 Qe1 40. Rc2 Qe4 41. Rd2
Kf6 42. Nc2 Kg5 43. Nb4 a5 44. Nd5 Qb1 45. a4 bxa4 46. bxa4 Ng6 47. Rd4 Qa1 48.
Rc4 Qb1 49. Rc5 Kh6 50. Rxa5 Qf5 51. Rb5 Ne5 52. Nb4 Qg6+ 53. Kh1 Qb1 54. Kg1
Nc4 55. Nd3 Qa1 56. Rxh5+ Kxh5 57. Nxf4+ Kh6 58. Nd5 Nd2 59. Ne3 Nxf1 60. Nxf1
Qxc3 61. Ne3 Qa1+ 62. Kh2 Qxa4 63. Kg3 Qc6 64. Ng4+ Kg5 65. h4+ Kh5 66. Ne3 Qe4
67. Kh2 Kxh4 68. Kg1 Kh3 69. Nf1 Qb1 0-1

[Event "Hessen-ch A"]
[Site "Frankfurt/Main"]
[Date "2019.05.30"]
[Round "1"]
[White "Bagatsch, Thomas"]
[Black "Mudrinic, Nenad"]
[Result "1-0"]
[WhiteElo "2087"]
[BlackElo "1897"]
[PlyCount "81"]
[EventDate "2019.05.30"]
[EventType "swiss"]
[EventRounds "7"]
[EventCountry "GER"]

1. e4 c5 2. Nf3 e6 3. c3 Nc6 4. d4 cxd4 5. Nxd4 Nxd4 6. Qxd4 Nf6 7. e5 Nd5 8.
Bc4 Nb6 9. Bb3 d6 10. O-O dxe5 11. Qxe5 Qd6 12. Qe2 Be7 13. Rd1 Qc7 14. Be3 O-O
15. a4 Bd7 16. a5 Nc8 17. Bc2 Rd8 18. Bd4 Bf8 19. Be5 Qc5 20. b4 Qe7 21. Bc7
Bb5 22. Bxh7+ Kh8 23. Bxd8 Bxe2 24. Bxe7 Bxd1 25. Bxf8 Kxh7 26. Bc5 a6 27. f3
Na7 28. Na3 Bb3 29. Rb1 Ba4 30. Nc4 Nb5 31. Nb6 Nxc3 32. Ra1 Rd8 33. Nxa4 Ne2+
34. Kf2 Rd2 35. Ke3 Rc2 36. Kd3 Rc1 37. Rxc1 Nxc1+ 38. Kd2 Nb3+ 39. Kc2 Nxc5
40. Nxc5 b5 41. axb6 1-0

[Event "Hessen-ch A"]
[Site "Frankfurt/Main"]
[Date "2019.05.30"]
[Round "1"]
[White "Bethke, Robert"]
[Black "Goutham, Joshi"]
[Result "1/2-1/2"]
[WhiteElo "2024"]
[BlackElo "1839"]
[PlyCount "48"]
[EventDate "2019.05.30"]
[EventType "swiss"]
[EventRounds "7"]
[EventCountry "GER"]

{[%evp 0,48,35,-12,-2,-11,-23,-27,3,-42,-19,-19,-38,-66,-37,-34,6,-6,2,-23,-20,
-20,-26,-5,-2,-29,-26,-29,-9,-30,-41,-41,-28,-58,-75,-75,-69,-97,-9,-32,-8,-63,
-51,-57,-45,-65,-52,-44,-34,-47,-53]} 1. c4 Nf6 2. Nc3 e5 3. Nf3 Nc6 4. g3 d5
5. cxd5 Nxd5 6. d3 Be7 7. Bg2 Nb6 8. O-O O-O 9. b3 Be6 10. Bb2 f6 11. Rc1 Qd7
12. Re1 a5 13. Nd2 a4 14. Nxa4 Nxa4 15. bxa4 Bxa2 16. Qc2 Bd5 17. Bxd5+ Qxd5
18. Bc3 Nd8 19. Rb1 b6 20. Bb4 Bxb4 21. Rxb4 Ne6 22. Qc4 Rfd8 23. Rc1 Ra7 24.
Nb3 Qxc4 1/2-1/2

[Event "Hessen-ch A"]
[Site "Frankfurt/Main"]
[Date "2019.05.30"]
[Round "1"]
[White "Blaschke, Henri Johannes"]
[Black "Kolker, Vladislav"]
[Result "1-0"]
[WhiteElo "1838"]
[BlackElo "2023"]
[PlyCount "49"]
[EventDate "2019.05.30"]
[EventType "swiss"]
[EventRounds "7"]
[EventCountry "GER"]

{[%evp 0,49,29,25,25,-26,58,40,57,19,23,5,23,14,14,40,44,-3,26,-10,11,28,74,74,
57,20,65,83,72,70,98,56,119,103,113,117,119,105,116,116,116,145,170,-90,-47,
-95,133,137,370,366,412,412]} 1. d4 Nf6 2. c4 g6 3. Nf3 Bg7 4. g3 O-O 5. Bg2 d6
6. O-O Nc6 7. Nc3 a6 8. b3 Rb8 9. Nd5 b5 10. Nxf6+ Bxf6 11. Bh6 Re8 12. Rc1
bxc4 13. Rxc4 Na5 14. Rc1 Bd7 15. Qd2 c6 16. Rfd1 Qb6 17. e4 Bg4 18. Be3 Nb7
19. h3 Bd7 20. Ne5 Red8 21. Rxc6 Bxc6 22. d5 Nc5 23. Nxc6 Rdc8 24. b4 Rxc6 25.
dxc6 1-0

[Event "Hessen-ch A"]
[Site "Frankfurt/Main"]
[Date "2019.05.30"]
[Round "1"]
[White "Bluebaum, Johanna"]
[Black "Halbig, Christopher"]
[Result "1/2-1/2"]
[WhiteElo "2003"]
[BlackElo "1802"]
[PlyCount "153"]
[EventDate "2019.05.30"]
[EventType "swiss"]
[EventRounds "7"]
[EventCountry "GER"]

{[%evp 0,134,26,20,34,-29,19,27,45,44,40,-11,-5,14,24,10,36,29,40,40,28,-1,32,
-6,-6,-27,-23,-31,23,12,23,2,7,-8,4,-13,-13,-9,105,69,61,57,67,76,88,92,88,58,
58,56,59,81,88,74,79,72,62,71,69,68,104,54,64,66,60,63,62,62,65,48,65,34,101,
67,66,65,65,51,52,50,49,39,32,23,22,28,46,36,36,20,27,20,34,28,24,24,24,23,33,
35,32,23,21,0,26,0,21,0,38,41,38,22,50,45,43,43,44,49,59,75,73,77,71,78,74,81,
75,77,77,38,77,38,77,55,74,55,68]} 1. d4 Nf6 2. c4 d6 3. Nf3 Nbd7 4. Nc3 e5 5.
dxe5 dxe5 6. g3 c6 7. Bg2 Be7 8. O-O O-O 9. Qc2 Qc7 10. a3 a5 11. Na4 Nc5 12.
Be3 Nxa4 13. Qxa4 c5 14. Rfd1 Bd7 15. Qb3 Bc6 16. Qc3 Ng4 17. h3 Nxe3 18. Qxe3
Bxf3 19. Bxf3 Rad8 20. Bd5 Rd7 21. Rd3 h6 22. Qf3 Bf6 23. Rb3 b6 24. e4 Bd8 25.
Rd1 Rd6 26. Rbd3 Qe7 27. Qg4 Bc7 28. h4 Kh8 29. Rf3 g6 30. Qh3 Qd7 31. Qxd7
Rxd7 32. Rf6 Kg7 33. Rc6 Rfd8 34. Rf1 Rf8 35. g4 g5 36. hxg5 hxg5 37. Kg2 Rh8
38. Rb1 Rh6 39. Rxh6 Kxh6 40. b4 axb4 41. axb4 Bd6 42. b5 Ra7 43. Rd1 Bf8 44.
Rh1+ Kg7 45. Rh5 Be7 46. Rh3 Bf6 47. Rc3 Kg6 48. Bc6 Kg7 49. Rd3 Be7 50. Bd7
Ra4 51. Rc3 Ra7 52. Bf5 Bf6 53. Kf3 Kg8 54. Ke3 Kg7 55. f3 Kg8 56. Rd3 Be7 57.
Rd5 f6 58. Rd1 Ra3+ 59. Kf2 Ra2+ 60. Kg3 Ra7 61. Rh1 Bf8 62. Be6+ Kg7 63. Rd1
Be7 64. Bf5 Kg8 65. Kf2 Ra2+ 66. Ke3 Ra3+ 67. Ke2 Ra2+ 68. Kd3 Ra3+ 69. Kc2 Ra7
70. Kb3 Kg7 71. Rh1 Kg8 72. Rh7 Rc7 73. Rh6 Kg7 74. Rg6+ Kf7 75. Rh6 Kg7 76.
Rh1 Ra7 77. Rh7+ 1/2-1/2